02564cam a2200337 i 450000100090000000300040000900500170001300800410003001000170007102000290008802000260011704000280014304200080017105000270017908200160020608400450022210000160026724500560028325000190033930000230035852015150038165000510189665000300194765000360197765000330201365000340204665000540208065500290213465500280216385600350219117758866OSt20151008084438.0130531s2013 nyu 000 1 eng  a 2013019278 a9780385344340 (hardback) z9780440339373 (ebook) aDLCbengcDLCerdadDLC apcc00aPS3553.H4838bN48 201300a813/.54223 aFIC030000aFIC031000aFIC0220002bisacsh1 aChild, Lee.10aNever go back :ba Jack Reacher novel /cLee Child. aFirst Edition. a400 pages ;c24 cm a"Never go back--but Jack Reacher does, and the past finally catches up with him. Never Go Back is #1 New York Times bestselling author Lee Child's new novel of action-charged suspense starring "one of the best thriller characters at work today" (Newsweek). Former military cop Jack Reacher makes it all the way from snowbound South Dakota to his destination in northeastern Virginia, near Washington, D.C.: the headquarters of his old unit, the 110th MP. The old stone building is the closest thing to a home he ever had. Reacher is there to meet--in person--the new commanding officer, Major Susan Turner, so far just a warm, intriguing voice on the phone. But it isn't Turner behind the CO's desk. And Reacher is hit with two pieces of shocking news, one with serious criminal consequences, and one too personal to even think about. When threatened, you can run or fight. Reacher fights, aiming to find Turner and clear his name, barely a step ahead of the army, and the FBI, and the D.C. Metro police, and four unidentified thugs. Combining an intricate puzzle of a plot and an exciting chase for truth and justice, Lee Child puts Reacher through his paces--and makes him question who he is, what he's done, and the very future of his untethered life on the open road. Praise for #1 bestselling author Lee Child and his Jack Reacher series "Child is a superb craftsman of suspense."--Entertainment Weekly "The truth about Reacher gets better and better."--Janet Maslin, The New York Times"-- 0aReacher, Jack (Fictitious character)vFiction. 0aMilitary policevFiction. 0aMurderxInvestigationvFiction. 7aFICTION / Suspense.2bisacsh 7aFICTION / Thrillers.2bisacsh 7aFICTION / Mystery & Detective / General.2bisacsh 7aSuspense fiction.2gsafd 7aMystery fiction.2gsafd423Cover imageu9780385344340.jpg